MARC
| LEADER | 00000pam a2200000 4500 | ||
|---|---|---|---|
| 001 | 29474 | ||
| 003 | MY-KLNDU | ||
| 005 | 20241218082831.0 | ||
| 039 | 9 | |a 201701101436 |b faiz |y 200912221139 |z staff | |
| 260 | 0 | 0 | |a Sungai Besi |b UTM-ATMA |c 2003 |
| 300 | |a xiv, 43p. |b ill. |c 30cm | ||
| 500 | 0 | 0 | |a Abstrak dalam bahasa Melayu dan Inggeris |
| 500 | 0 | 0 | |a Projek Sarjana Muda-Ijazah Sarjana Muda Sains Nautika, 2003 |
| 504 | 0 | 0 | |a Mengandungi rujukan bibliografi |
| 999 | |a vtls000040194 |c 29474 |d 29474 | ||